000 00760nam a2200229Ia 4500
003 GCL
008 140319s9999 xx 000 0 ara d
040 _aGCL /
_cGCL
082 0 4 _a810.8007
_bا ح
100 1 _aاحمد احمد بدوى
245 1 0 _aالحياة الادبية فى عصر الحروب الصليبية بمصر والشام /
_cاحمد احمد بدوى
260 _a[S.N] :
_bدار نهضة مصر للطبع والنشر ،
_c1979
300 _a586 ص
490 _a
650 0 4 _aالشعر العربى
650 0 4 _aالادب العربى
650 0 4 _aالحروب الصليبية
650 0 4 _aالنثر العربى
650 0 4 _aالدولة الايوبية
650 0 4 _aالمجموعات
942 _2ddc
_cBK
999 _c30220
_d30220